Journey into China. (Record no. 631)

MARC details
000 -LEADER
fixed length control field 01316cam a2200313 a 4500
005 - DATE AND TIME OF LATEST TRANSACTION
control field 20260322212028.0
008 - FIXED-LENGTH DATA ELEMENTS--GENERAL INFORMATION
fixed length control field data
010 ## - LIBRARY OF CONGRESS CONTROL NUMBER
LC control number 82014132
020 ## - INTERNATIONAL STANDARD BOOK NUMBER
International Standard Book Number 0870444379 :
Terms of availability {dollar}19.95
020 ## - INTERNATIONAL STANDARD BOOK NUMBER
International Standard Book Number 0870444492 (deluxe) :
Terms of availability {dollar}29.95
020 ## - INTERNATIONAL STANDARD BOOK NUMBER
International Standard Book Number 9780870444371 :
Terms of availability {dollar}19.95
020 ## - INTERNATIONAL STANDARD BOOK NUMBER
International Standard Book Number 9780870444494 (deluxe) :
Terms of availability {dollar}29.95
040 ## - CATALOGING SOURCE
Original cataloging agency DLC
Transcribing agency DLC
Modifying agency DLC
043 ## - GEOGRAPHIC AREA CODE
Geographic area code a-cc---
050 00 - LIBRARY OF CONGRESS CALL NUMBER
Classification number DS712
Item number .J68 1982
082 00 - DEWEY DECIMAL CLASSIFICATION NUMBER
Classification number 915.1/0457
Edition information 19
092 ## - LOCALLY ASSIGNED DEWEY CALL NUMBER (OCLC)
Classification number 915.1 J68 1982
001 - CONTROL NUMBER
control field data
245 10 - TITLE STATEMENT
Title Journey into China.
Statement of responsibility, etc. National Geographic Society (U.S.).
250 ## - EDITION STATEMENT
Edition statement 1st ed.
260 ## - PUBLICATION, DISTRIBUTION, ETC.
Place of publication, distribution, etc. Washington, D.C. :
Name of publisher, distributor, etc. National Geographic Society,
Date of publication, distribution, etc. c1982.
300 ## - PHYSICAL DESCRIPTION
Extent 518 p. :
Other physical details col. ill. ;
Dimensions 29 cm.
500 ## - GENERAL NOTE
General note Folded colored map inserted.
500 ## - GENERAL NOTE
General note Includes index.
504 ## - BIBLIOGRAPHY, ETC. NOTE
Bibliography, etc. note Bibliography: p. 514.
505 0# - FORMATTED CONTENTS NOTE
Formatted contents note Journey from the past / Jonathan D. Spence -- Peking / Jay and Linda Mathews -- Great Wall / Griffin Smith, Jr. -- Yellow River Valley / Mike Edwards -- Silk Road / Donald R. Katz -- Grand Canal / Robert M. Poole -- Yangtze River / William Graves -- The deep interior / Shirley Sun -- Tibet / Roy Reed -- Northeast China / Thomas B. Allen -- South China coast / David D. Pearce.
651 #0 - SUBJECT ADDED ENTRY--GEOGRAPHIC NAME
Geographic name China
General subdivision Description and travel.
720 2# - ADDED ENTRY--UNCONTROLLED NAME
Name National Geographic Society (U.S.)
Holdings
Withdrawn status Lost status Damaged status Not for loan Home library Current library Shelving location Date acquired Total checkouts Full call number Barcode Date last seen Price effective from Koha item type
        Pleasant Valley Pleasant Valley General stacks 22/03/2026   915.1/0457 19 BC0010648 22/03/2026 22/03/2026 Books